000 01102nas a2200277 4500
001 6375
003 GR-kaGGEEl
005 20220622205402.0
035 _a9056
090 _a6375
100 _a20100518b19552005k y0grey50 ga
101 0 _agre
102 _aGR
106 _ae
110 _aca|| ||||
200 1 _aΟ Φιλελεύθερος [εφημερίδα]
_eημερήσια εφημερίς εις την υπηρεσίαν του Κυπριακού λαού
_fΙδρυτής-Διευθυντής Νίκος Χρ. Παττίχης
207 0 _a7 Δεκ. 1955 - Δεκ.2005
210 _aΛευκωσία
_d1955 - 2005
310 _aΗ βιβλιοθήκη διαθέτει τα εξής: 1958 - 1962, 1967, Ιουλ.-Δεκ.1970, Ιουν.1971, Ιουλ.-Οκτ.1973, Μαρτ.-Ιουν.1974
310 _aΗ εφημερίδα είναι δεμένη σε 15 τόμους.
606 1 _aΤύπος, Κυπριακός
_923970
607 _aΚύπρος
_xΕφημερίδες
_916682
676 _a079.5645
942 _cCR